Effectif Quevilly Rouen 2022/2023 - Statistiques

Statistiques générales
  • Ce quiz a été pris 26 fois
  • Le résultat moyen est 10 sur 23
Statistiques - réponses
Position Réponse % Correct
G 1 Nicolas Lemaitre
89%
M 17 Gustavo Sangare
67%
D 5 Till Cissokho
67%
D 2 Alpha Sissoko
61%
A 9 Louis Mafouta
56%
M 7 Mamady Bangre
56%
M 10 Alexandre Bonnet
50%
M 4 Balthazar Pierret
44%
A 45 Issa Soumare
44%
D 24 Jason Pendant
44%
D 15 Syam Ben Youssef
44%
G 16 Yohann Thuram
44%
D 27 Damon Bansais
39%
M 12 Garland Gbelle
39%
M 6 Kalidou Sidibe
39%
A 19 Mamadou Camara
39%
D 20 Nadjib Cisse
39%
G 30 Rudy Boulais
39%
A 29 Andrew Jung
33%
M 13 Yann Boe Kane
33%
A 11 Andreas Hountondji
28%
D 18 Christophe Diedhiou
22%
M 23 Justin Smith
17%
Aucun quiz correspondant
Distribution des résultats
% des personnes avec chaque résultat
Percentile par nombre de réponses
Votre historique - résultats
Vous n’avez pas pris ce quiz